[Event "North American Open 2008"]
[Site "Las Vegas"]
[Date "2008.12.26"]
[Round "1.3"]
[White "Cicak, Slavko"]
[Black "Lamby, Philipp"]
[Result "1-0"]
[WhiteElo "2664"]
[BlackElo "2250"]
[PlyCount "51"]
[EventDate "2008.12.??"]
[SourceDate "2008.12.26"]

1. e4 e5 2. Nf3 Nc6 3. Bb5 a6 4. Ba4 Nf6 5. d3 Bc5 6. O-O d6 7. d4 exd4 8. Nxd4
Bd7 9. Bxc6 Bxc6 10. Nc3 O-O 11. Bg5 h6 12. Bh4 g5 13. Nxc6 bxc6 14. Bg3 Nd7
15. Kh1 Rb8 16. Rb1 Qf6 17. f4 Qg7 18. e5 gxf4 19. exd6 fxg3 20. dxc7 Rbc8 21.
Qxd7 Bb6 22. Qxc6 Bxc7 23. Nd5 f5 24. Rbe1 Ba5 25. Qe6+ Kh8 26. b4 1-0

[Event "North American Open 2008"]
[Site "Las Vegas"]
[Date "2008.12.26"]
[Round "1.4"]
[White "Mackinnon, Keith"]
[Black "Kacheishvili, Giorgi"]
[Result "0-1"]
[WhiteElo "2244"]
[BlackElo "2657"]
[PlyCount "86"]
[EventDate "2008.12.??"]
[SourceDate "2008.12.26"]

1. e4 c5 2. Nf3 d6 3. d4 cxd4 4. Nxd4 Nf6 5. Nc3 Nc6 6. Bg5 e6 7. Qd2 Be7 8.
O-O-O O-O 9. f4 Nxd4 10. Qxd4 Qa5 11. Bc4 Bd7 12. Rhe1 Rad8 13. Bb3 Rfe8 14.
Kb1 h6 15. Bh4 Nxe4 16. Bxe7 Nxc3+ 17. Qxc3 Qxc3 18. bxc3 Rxe7 19. Rxd6 Kf8 20.
Red1 Ke8 21. c4 Rc8 22. Rxd7 Rxd7 23. Ba4 Rcc7 24. Rd3 Ke7 25. Bxd7 Rxd7 26.
Kc1 Rc7 27. Rb3 b6 28. Ra3 Kf6 29. Kd2 Rxc4 30. Rxa7 Rxf4 31. Ke3 g5 32. a4 h5
33. Ra6 Rb4 34. Kd3 Kf5 35. a5 bxa5 36. Rxa5+ e5 37. c4 Rb1 38. Ra4 Rc1 39. Ra7
f6 40. Ra6 h4 41. Ra8 Kf4 42. Ra2 e4+ 43. Kd4 Rd1+ 0-1

[Event "North American Open 2008"]
[Site "Las Vegas"]
[Date "2008.12.26"]
[Round "1.5"]
[White "Becerra, Julio"]
[Black "Moskow, Eric"]
[Result "1/2-1/2"]
[WhiteElo "2657"]
[BlackElo "2235"]
[PlyCount "116"]
[EventDate "2008.12.??"]
[SourceDate "2008.12.26"]

1. e4 c5 2. Nf3 d6 3. c3 Nf6 4. Be2 Bd7 5. d3 g6 6. Bg5 Bg7 7. Nbd2 h6 8. Be3
Nc6 9. h3 O-O 10. O-O Rc8 11. a3 e5 12. b4 b6 13. b5 Ne7 14. d4 cxd4 15. cxd4
exd4 16. Nxd4 d5 17. e5 Ne4 18. N2f3 Nf5 19. Nxf5 Bxf5 20. Rc1 Nc3 21. Qd2
Nxe2+ 22. Qxe2 Qe7 23. a4 Be4 24. Nd4 Qa3 25. Ra1 Qd3 26. Qxd3 Bxd3 27. Rfd1
Bc4 28. f4 Rfe8 29. a5 f6 30. e6 f5 31. axb6 axb6 32. Ra7 Ra8 33. Rxa8 Rxa8 34.
g4 Ra3 35. Bf2 Bxd4 36. Bxd4 Rd3 37. Rxd3 Bxd3 38. Bxb6 Bxb5 39. gxf5 gxf5 40.
Kf2 Kf8 41. Bc5+ Kg7 42. Bd4+ Kf8 43. Bc5+ Kg7 44. Ke3 Kf6 45. e7 Ke6 46. Kd4
Be8 47. Bb4 Bf7 48. h4 h5 49. Bc5 Bg6 50. Kc3 Kd7 51. Kb4 Kc6 52. Bd4 Bf7 53.
Bf6 Be8 54. Kc3 Kc5 55. Be5 Bf7 56. Bg7 Be8 57. Kd3 Bb5+ 58. Kc3 Be8 1/2-1/2

[Event "North American Open 2008"]
[Site "Las Vegas"]
[Date "2008.12.26"]
[Round "1.6"]
[White "Wall, Brian"]
[Black "Hess, Robert"]
[Result "0-1"]
[WhiteElo "2229"]
[BlackElo "2544"]
[PlyCount "72"]
[EventDate "2008.12.??"]
[SourceDate "2008.12.26"]

1. d4 Nf6 2. c4 e6 3. Nc3 Bb4 4. Bg5 h6 5. Bh4 g5 6. Bg3 Ne4 7. Qc2 Nxg3 8.
hxg3 b6 9. e3 Bb7 10. f4 Qf6 11. Nf3 Nc6 12. O-O-O g4 13. Nh4 Bxc3 14. Qxc3 Ne7
15. Bd3 c5 16. Kb1 Rc8 17. Qa3 cxd4 18. Qxa7 Ba8 19. Qxb6 Nc6 20. exd4 O-O 21.
Be4 Rb8 22. Qc5 Rfc8 23. Rhe1 d5 24. cxd5 Nb4 25. Qd6 Nxd5 26. Ka1 Rb5 27. a3
Rd8 28. Qe5 Qe7 29. Qh5 Rxb2 30. Qxg4+ Kf8 31. Rd3 Nf6 32. Qf3 Nxe4 33. Rxe4
Rdb8 34. Qd1 Rb1+ 35. Qxb1 Rxb1+ 36. Kxb1 Bxe4 0-1

[Event "North American Open 2008"]
[Site "Las Vegas"]
[Date "2008.12.26"]
[Round "1.7"]
[White "Sarkar, Justin"]
[Black "Haessel, Dale"]
[Result "1/2-1/2"]
[WhiteElo "2517"]
[BlackElo "2210"]
[PlyCount "30"]
[EventDate "2008.12.??"]
[SourceDate "2008.12.26"]

1. d4 Nf6 2. c4 g6 3. d5 Bg7 4. Nc3 c6 5. e4 O-O 6. Nf3 cxd5 7. cxd5 e6 8. Be2
Na6 9. O-O exd5 10. e5 Ng4 11. Qxd5 Nc7 12. Qe4 d5 13. exd6 Qxd6 14. Bf4 Qb6
15. h3 Nf6 1/2-1/2

[Event "North American Open 2008"]
[Site "Las Vegas"]
[Date "2008.12.26"]
[Round "1.9"]
[White "Pruess, David"]
[Black "Brownscombe, Tom"]
[Result "0-1"]
[WhiteElo "2457"]
[BlackElo "2205"]
[PlyCount "42"]
[EventDate "2008.12.??"]
[SourceDate "2008.12.26"]

1. e4 c5 2. Nf3 e6 3. d4 cxd4 4. Nxd4 Nf6 5. Nc3 d6 6. Be3 Be7 7. g4 a6 8. Bg2
O-O 9. g5 Nfd7 10. h4 Nc6 11. Qe2 Nxd4 12. Bxd4 b5 13. e5 d5 14. f4 b4 15. Na4
Qa5 16. b3 Nc5 17. Nb2 Bd7 18. f5 exf5 19. Bxd5 Ne6 20. Bxe6 fxe6 21. Nd3 Qd5
0-1

[Event "North American Open 2008"]
[Site "Las Vegas"]
[Date "2008.12.27"]
[Round "1.53"]
[White "Saguisag, Precioso"]
[Black "Ehlvest, Jaan"]
[Result "0-1"]
[WhiteElo "2284"]
[BlackElo "2646"]
[PlyCount "74"]
[EventDate "2008.12.??"]
[SourceDate "2008.12.26"]

1. Nf3 Nf6 2. c4 g6 3. g3 Bg7 4. Bg2 O-O 5. O-O d6 6. d4 c6 7. Nc3 Qb6 8. b3
Nbd7 9. Bb2 e5 10. dxe5 dxe5 11. Na4 Qa5 12. Qc2 Re8 13. Rad1 e4 14. Bc3 Qh5
15. Nh4 Ne5 16. f4 Neg4 17. Bd4 e3 18. Bf3 Qh6 19. Rd3 Bf5 20. Bxf6 Bxf6 21.
Bxg4 Bxg4 22. Ng2 Bf5 23. Nc5 Bxd3 24. Nxd3 Rad8 25. c5 Qh5 26. Rf3 Qd5 27. h4
Qf5 28. Kh2 Bd4 29. Qc4 Qd5 30. Qc2 h6 31. b4 b6 32. cxb6 axb6 33. f5 g5 34. f6
Rd6 35. hxg5 hxg5 36. g4 Rxf6 37. Rh3 Qe4 0-1

[Event "North American Open 2008"]
[Site "Las Vegas"]
[Date "2008.12.27"]
[Round "2.3"]
[White "Kacheishvili, Giorgi"]
[Black "Lein, Anatoly"]
[Result "1-0"]
[WhiteElo "2657"]
[BlackElo "2340"]
[PlyCount "65"]
[EventDate "2008.12.??"]
[SourceDate "2008.12.26"]

1. d4 b6 2. c4 Bb7 3. Nc3 e6 4. a3 f5 5. d5 Na6 6. g3 Nf6 7. Bg2 g6 8. Nh3 Bg7
9. O-O O-O 10. Qc2 Nc5 11. Rd1 exd5 12. cxd5 Re8 13. b4 Nce4 14. Bb2 Nd6 15.
Rac1 a5 16. Qb3 a4 17. Qa2 Kh8 18. e3 Qe7 19. Ba1 Rec8 20. Nf4 Nfe4 21. Nxe4
fxe4 22. Bxg7+ Qxg7 23. Rd4 Qe5 24. Rcd1 Ba6 25. h4 Re8 26. Qc2 Qe7 27. Qxc7
Rec8 28. Qxb6 Rcb8 29. Qc5 Rc8 30. Rxe4 Rxc5 31. Rxe7 Rc3 32. Rxd7 Nb5 33. d6
1-0

[Event "North American Open 2008"]
[Site "Las Vegas"]
[Date "2008.12.27"]
[Round "2.4"]
[White "Steinfl, Alessandr"]
[Black "Khachiyan, Melikset"]
[Result "0-1"]
[WhiteElo "2272"]
[BlackElo "2560"]
[PlyCount "56"]
[EventDate "2008.12.??"]
[SourceDate "2008.12.26"]

1. f4 d5 2. Nf3 g6 3. g3 Bg7 4. Bg2 c5 5. O-O Nc6 6. d3 Nf6 7. c3 O-O 8. Na3
Bg4 9. h3 Bxf3 10. Bxf3 e5 11. e4 Qd7 12. f5 gxf5 13. exd5 Nxd5 14. Bxd5 Qxd5
15. Rxf5 Ne7 16. Rg5 f6 17. Rg4 f5 18. Rh4 Ng6 19. Rh5 Rad8 20. Bg5 Rd7 21. Be3
b6 22. Qb3 Qxb3 23. axb3 Rxd3 24. Nc2 f4 25. gxf4 exf4 26. Bf2 Rd2 27. Ne1 Rf7
28. Rb1 f3 0-1

[Event "North American Open 2008"]
[Site "Las Vegas"]
[Date "2008.12.27"]
[Round "2.5"]
[White "Hess, Robert"]
[Black "Lee, Michael"]
[Result "1/2-1/2"]
[WhiteElo "2544"]
[BlackElo "2326"]
[PlyCount "169"]
[EventDate "2008.12.??"]
[SourceDate "2008.12.26"]

1. e4 c5 2. Nc3 Nc6 3. g3 g6 4. Bg2 Bg7 5. d3 d6 6. f4 Nf6 7. Nf3 Rb8 8. h3 O-O
9. Be3 b5 10. a3 a5 11. O-O Nd7 12. Rb1 Nd4 13. g4 b4 14. axb4 axb4 15. Ne2
Nxf3+ 16. Bxf3 Bb7 17. Qd2 Ra8 18. f5 Ne5 19. Bg2 Qd7 20. Bh6 d5 21. Bxg7 Kxg7
22. Qf4 Qd6 23. g5 b3 24. cxb3 Nxd3 25. f6+ Kg8 26. Qh4 exf6 27. gxf6 Rfe8 28.
Ng3 Kh8 29. Rbd1 dxe4 30. Qh6 Qd4+ 31. Kh2 Rg8 32. Rf4 Qe3 33. Rh4 Qxh6 34.
Rxh6 Rge8 35. Rh4 g5 36. Rxe4 Bxe4 37. Nxe4 Rad8 38. Nxg5 Ne5 39. Re1 Kg8 40.
Rg1 h6 41. Ne4 Nd3 42. Nc3 Kh8 43. Bd5 Nf4 44. Bxf7 Re3 45. Rd1 Rxh3+ 46. Kg1
Rxd1+ 47. Nxd1 Rf3 48. Bc4 Nh3+ 49. Kg2 Ng5 50. f7 Kg7 51. Nf2 Rf5 52. Nd3 Nxf7
53. b4 cxb4 54. Nxb4 Rf4 55. b3 Ne5 56. Nd5 Rd4 57. Ne3 Rd2+ 58. Kg3 Nxc4 59.
bxc4 Kg6 60. Kf4 Rf2+ 61. Kg3 Rf8 62. Nd5 Kg5 63. c5 Rc8 64. Nf4 Kf5 65. Nd3
Rb8 66. Kh4 Rb3 67. Nf2 Rc3 68. c6 Rxc6 69. Kh5 Rg6 70. Nd1 Rg1 71. Ne3+ Kf4
72. Nd5+ Ke5 73. Ne3 Rh1+ 74. Kg6 Kf4 75. Nd5+ Ke5 76. Ne3 h5 77. Kg5 Ke4 78.
Nc4 Kf3 79. Nd2+ Ke3 80. Nc4+ Ke4 81. Nd6+ Ke5 82. Nc4+ Kd4 83. Nd6 Ke5 84.
Nc4+ Ke6 85. Ne3 1/2-1/2

[Event "North American Open 2008"]
[Site "Las Vegas"]
[Date "2008.12.27"]
[Round "2.8"]
[White "Lucky, David"]
[Black "Kudryavtsev, Vadim"]
[Result "1-0"]
[WhiteElo "2368"]
[BlackElo "2185"]
[PlyCount "51"]
[EventDate "2008.12.??"]
[SourceDate "2008.12.26"]

1. d4 Nf6 2. c4 e6 3. Nc3 Bb4 4. Qc2 c5 5. dxc5 Na6 6. a3 Bxc5 7. b4 Be7 8. Nf3
O-O 9. e4 d6 10. Bb2 Bd7 11. Rd1 Qc7 12. Be2 Rac8 13. O-O Rfd8 14. Nd4 Be8 15.
f4 Qb8 16. Qd3 Bd7 17. Qg3 Nc7 18. e5 Nfe8 19. Ne4 g6 20. f5 dxe5 21. fxg6 hxg6
22. Qxe5 Na6 23. Nc6 f6 24. Nxe7+ Kg7 25. Nxf6 Qxe5 26. Bxe5 1-0

[Event "North American Open 2008"]
[Site "Las Vegas"]
[Date "2008.12.27"]
[Round "3.1"]
[White "Cicak, Slavko"]
[Black "Sharavdorj, Dasheveg"]
[Result "1-0"]
[WhiteElo "2664"]
[BlackElo "2466"]
[PlyCount "53"]
[EventDate "2008.12.??"]
[SourceDate "2008.12.26"]

1. e4 e6 2. Nf3 d5 3. e5 b6 4. d4 Qd7 5. c4 Bb4+ 6. Nc3 c6 7. Qb3 Bxc3+ 8. bxc3
Ba6 9. Ba3 dxc4 10. Bxc4 Bxc4 11. Qxc4 Ne7 12. O-O O-O 13. Ng5 c5 14. dxc5 h6
15. Rad1 Qb7 16. Nxe6 b5 17. Nd8 Qc7 18. Qe4 Nbc6 19. Nxc6 Nxc6 20. Rd6 Rac8
21. Rfd1 Qa5 22. Bc1 Ne7 23. Rd7 Qxc3 24. Bd2 Qa3 25. Rxe7 Rcd8 26. Qc2 Rd4 27.
e6 1-0

[Event "North American Open 2008"]
[Site "Las Vegas"]
[Date "2008.12.27"]
[Round "3.2"]
[White "Mulyar, Michael"]
[Black "Kacheishvili, Giorgi"]
[Result "0-1"]
[WhiteElo "2445"]
[BlackElo "2657"]
[PlyCount "70"]
[EventDate "2008.12.??"]
[SourceDate "2008.12.26"]

1. c4 e5 2. g3 Nc6 3. Bg2 g6 4. Nc3 d6 5. e4 Be6 6. d3 Bg7 7. Nge2 h5 8. h4 Nh6
9. Nd5 O-O 10. f3 Ne7 11. d4 c6 12. Nxe7+ Qxe7 13. d5 cxd5 14. cxd5 Bd7 15. O-O
Qd8 16. Be3 f5 17. Qd2 Kh7 18. Qb4 Qb8 19. Rac1 fxe4 20. fxe4 Ng4 21. Bg5 a5
22. Qb6 Rxf1+ 23. Rxf1 Ra6 24. Qb3 Qa7+ 25. Kh1 Nf2+ 26. Kh2 Ng4+ 27. Kh1 Nf2+
28. Kh2 Qb6 29. Qf3 Ng4+ 30. Kh1 Ra8 31. Qf7 Rf8 32. Qxf8 Bxf8 33. Rxf8 Kg7 34.
Rd8 Bb5 35. Nc3 Qf2 0-1

[Event "North American Open 2008"]
[Site "Las Vegas"]
[Date "2008.12.27"]
[Round "3.3"]
[White "Khachiyan, Melikset"]
[Black "Lucky, David"]
[Result "1-0"]
[WhiteElo "2560"]
[BlackElo "2368"]
[PlyCount "85"]
[EventDate "2008.12.??"]
[SourceDate "2008.12.26"]

1. e4 e6 2. d4 d5 3. Nc3 Nf6 4. Bg5 dxe4 5. Nxe4 Nbd7 6. Nxf6+ Nxf6 7. Nf3 h6
8. Bh4 c5 9. c3 cxd4 10. Qxd4 Qxd4 11. Nxd4 Bc5 12. Bb5+ Ke7 13. O-O-O g5 14.
Bg3 Ne4 15. Rhe1 Nxg3 16. hxg3 Kf6 17. g4 e5 18. Nb3 Bb6 19. Bd7 Rd8 20. Bxc8
Raxc8 21. Nd2 Ke6 22. Ne4 Rxd1+ 23. Rxd1 Rh8 24. Kc2 h5 25. Nxg5+ Ke7 26. Rh1
Bxf2 27. gxh5 f5 28. Kd2 Kf6 29. Nf3 Bg3 30. Ke2 Rg8 31. h6 Bf4 32. h7 Rh8 33.
Kf2 e4 34. g3 Bc7 35. Nd4 Bb6 36. Ke2 Kg6 37. Ne6 Kf6 38. Rh6+ Kf7 39. c4 Ke7
40. c5 Bd8 41. Nf4 Kf7 42. Ng6 Kg7 43. Nxh8 1-0

[Event "North American Open 2008"]
[Site "Las Vegas"]
[Date "2008.12.27"]
[Round "3.4"]
[White "Adamson, Robby"]
[Black "Shulman, Yury"]
[Result "0-1"]
[WhiteElo "2354"]
[BlackElo "2677"]
[PlyCount "82"]
[EventDate "2008.12.??"]
[SourceDate "2008.12.26"]

1. e4 e6 2. d4 d5 3. Nc3 Bb4 4. e5 c5 5. a3 Bxc3+ 6. bxc3 Ne7 7. Qg4 cxd4 8.
Bd3 Qa5 9. Ne2 Nd7 10. f4 Nc5 11. Bd2 dxc3 12. Bxc3 Qb6 13. Bd4 Qa5+ 14. Bc3
Qb6 15. Bd4 Ng6 16. O-O Qa5 17. Ng3 Nxd3 18. cxd3 b6 19. f5 exf5 20. Nxf5 O-O
21. Qg5 Bxf5 22. Rxf5 Qa4 23. Bc3 Rac8 24. Qd2 Qb3 25. Rc1 Qxa3 26. Rff1 Rfe8
27. Kh1 Qe7 28. Rce1 Qd7 29. d4 Rc4 30. Rf3 Rec8 31. Ref1 Qe6 32. Bb4 Rc2 33.
Qe3 Qg4 34. Rg3 Qe4 35. Qg5 h6 36. Qh5 Rc1 37. Rgf3 Rxf1+ 38. Rxf1 Rc2 39. Qh3
Nf4 40. Qf3 Qxf3 41. gxf3 a5 0-1

[Event "North American Open 2008"]
[Site "Las Vegas"]
[Date "2008.12.27"]
[Round "3.6"]
[White "Jones, Craig"]
[Black "Hess, Robert"]
[Result "0-1"]
[WhiteElo "2313"]
[BlackElo "2544"]
[PlyCount "62"]
[EventDate "2008.12.??"]
[SourceDate "2008.12.26"]

1. Nf3 Nf6 2. c4 e6 3. Nc3 Bb4 4. Qc2 c5 5. g3 O-O 6. Bg2 Nc6 7. O-O Qe7 8. e3
d5 9. cxd5 exd5 10. d4 Bg4 11. a3 Bxc3 12. bxc3 Rfc8 13. Qb1 Ne4 14. Qb3 c4 15.
Qc2 Nd6 16. Nd2 Bf5 17. Qd1 Qe6 18. Re1 Bd3 19. a4 Ne4 20. Nxe4 dxe4 21. f3 Ne7
22. fxe4 Bxe4 23. Qh5 Rc6 24. Rf1 Bxg2 25. Kxg2 Rb6 26. Ra2 Rb3 27. Raf2 Rf8
28. Qf3 Nd5 29. Bd2 Nf6 30. Qe2 Ne4 31. Rf4 Rb2 0-1

[Event "North American Open 2008"]
[Site "Las Vegas"]
[Date "2008.12.27"]
[Round "3.7"]
[White "Sarkar, Justin"]
[Black "Small, Gregg"]
[Result "1/2-1/2"]
[WhiteElo "2517"]
[BlackElo "2287"]
[PlyCount "62"]
[EventDate "2008.12.??"]
[SourceDate "2008.12.26"]

1. d4 d5 2. c4 dxc4 3. Nf3 a6 4. e3 e6 5. Bxc4 c5 6. O-O Nf6 7. Bb3 b5 8. a4
Bb7 9. axb5 axb5 10. Rxa8 Bxa8 11. Qe2 Nbd7 12. dxc5 Qb8 13. c6 Nc5 14. Bc2
Bxc6 15. Nd4 Bd7 16. Na3 b4 17. Nc4 e5 18. Nb3 e4 19. Nxc5 Bxc5 20. b3 O-O 21.
h3 Re8 22. Bb2 Qc7 23. Bxf6 gxf6 24. f3 Qg3 25. fxe4 Bb5 26. Rf3 Qh4 27. Bd3
Ra8 28. Rf5 Bxc4 29. Bxc4 Ra1+ 30. Rf1 Rxf1+ 31. Kxf1 Qg5 1/2-1/2

[Event "North American Open 2008"]
[Site "Las Vegas"]
[Date "2008.12.27"]
[Round "3.11"]
[White "Huang, Richard"]
[Black "Bournival, Braden"]
[Result "0-1"]
[WhiteElo "2002"]
[BlackElo "2369"]
[PlyCount "74"]
[EventDate "2008.12.??"]
[SourceDate "2008.12.26"]

1. Nf3 d5 2. b3 Bf5 3. Bb2 e6 4. e3 Nf6 5. Be2 Be7 6. O-O O-O 7. Nh4 Bg6 8.
Nxg6 hxg6 9. d3 Nbd7 10. Nd2 c6 11. Bf3 Qc7 12. g3 Rad8 13. Qe2 Rfe8 14. Bg2 e5
15. d4 exd4 16. exd4 Ba3 17. Qxe8+ Rxe8 18. Bxa3 Qa5 19. Nb1 Re2 20. c3 Qd8 21.
Bf3 Re6 22. Nd2 Ne4 23. Nxe4 dxe4 24. Bg4 Re8 25. Bc1 Nf6 26. Be2 Nd5 27. Bd2
b5 28. c4 e3 29. cxd5 exd2 30. Bf3 Qf6 31. Bg2 Qxd4 32. dxc6 Qxa1 33. Rxa1 Re1+
34. Bf1 Rxa1 35. c7 Rxf1+ 36. Kxf1 d1=Q+ 37. Kg2 Qd7 0-1

[Event "North American Open 2008"]
[Site "Las Vegas"]
[Date "2008.12.27"]
[Round "3.19"]
[White "Wagner, Richard"]
[Black "Hanken, Jerome"]
[Result "1-0"]
[WhiteElo "2060"]
[BlackElo "2200"]
[PlyCount "39"]
[EventDate "2008.12.??"]
[SourceDate "2008.12.26"]

1. e4 g6 2. d4 Bg7 3. Nc3 c6 4. Be3 d5 5. Qd2 Nf6 6. e5 Ng4 7. Bf4 h5 8. h3 Nh6
9. Nf3 Bf5 10. Be2 e6 11. O-O Nd7 12. a4 a6 13. b4 a5 14. Rfb1 axb4 15. Rxb4 b5
16. Rbb1 bxa4 17. Nxa4 O-O 18. Bxh6 Bxh6 19. Qxh6 f6 20. exf6 1-0

[Event "North American Open 2008"]
[Site "Las Vegas"]
[Date "2008.12.27"]
[Round "3.20"]
[White "Velikanov, Alexander"]
[Black "Steinfl, Alessandr"]
[Result "1/2-1/2"]
[WhiteElo "2046"]
[BlackElo "2272"]
[PlyCount "46"]
[EventDate "2008.12.??"]
[SourceDate "2008.12.26"]

1. d4 Nf6 2. c4 g6 3. Nc3 Bg7 4. Nf3 O-O 5. g3 d6 6. Bg2 Nbd7 7. O-O e5 8. dxe5
dxe5 9. Qc2 c6 10. Rd1 Qc7 11. h3 Re8 12. Be3 Bf8 13. Rac1 Nb6 14. b3 Ba3 15.
Bxb6 axb6 16. Rb1 Bb4 17. a4 e4 18. Nd4 Qe5 19. e3 h5 20. Nde2 g5 21. Rd4 Bf5
22. Rbd1 Kh8 23. Na2 Bc5 1/2-1/2

[Event "North American Open 2008"]
[Site "Las Vegas"]
[Date "2008.12.27"]
[Round "3.21"]
[White "Adelberg, David"]
[Black "Rubsamen, Cornelius"]
[Result "1/2-1/2"]
[WhiteElo "2031"]
[BlackElo "2266"]
[PlyCount "43"]
[EventDate "2008.12.??"]
[SourceDate "2008.12.26"]

1. d4 e6 2. c4 d5 3. Nc3 Be7 4. Nf3 Nf6 5. Bg5 h6 6. Bh4 O-O 7. e3 b6 8. Rc1
Bb7 9. Be2 dxc4 10. Bxc4 Nbd7 11. O-O c5 12. Qe2 Ne4 13. Nxe4 Bxe4 14. Bg3 Bxf3
15. Qxf3 cxd4 16. exd4 Nf6 17. Rfd1 Rc8 18. Qb7 Qd7 19. Qxd7 Nxd7 20. Ba6 Rxc1
21. Rxc1 Bf6 22. Bd6 1/2-1/2

[Event "North American Open 2008"]
[Site "Las Vegas"]
[Date "2008.12.27"]
[Round "3.24"]
[White "Kelley, Dereque"]
[Black "Haessel, Dale"]
[Result "1-0"]
[WhiteElo "2115"]
[BlackElo "2210"]
[PlyCount "61"]
[EventDate "2008.12.??"]
[SourceDate "2008.12.26"]

1. d4 Nf6 2. c4 g6 3. Nc3 d5 4. cxd5 Nxd5 5. e4 Nxc3 6. bxc3 Bg7 7. Bc4 c5 8.
Ne2 O-O 9. O-O Nc6 10. Be3 Bd7 11. Rb1 Qc7 12. Bf4 Qc8 13. Rc1 e5 14. Be3 Na5
15. Bd3 b5 16. Qd2 c4 17. Bb1 Re8 18. Bh6 Bh8 19. f4 exd4 20. cxd4 Bg4 21. Ng3
Qd8 22. e5 Nc6 23. d5 f6 24. h3 Bc8 25. Rcd1 Qb6+ 26. Kh2 Rd8 27. Qe2 Nb4 28.
f5 Rxd5 29. fxg6 hxg6 30. Rxd5 Nxd5 31. Qe4 1-0

[Event "North American Open 2008"]
[Site "Las Vegas"]
[Date "2008.12.28"]
[Round "4.1"]
[White "Kacheishvili, Giorgi"]
[Black "Cicak, Slavko"]
[Result "1-0"]
[WhiteElo "2657"]
[BlackElo "2664"]
[PlyCount "39"]
[EventDate "2008.12.??"]
[SourceDate "2008.12.26"]

1. d4 e6 2. c4 Bb4+ 3. Nc3 c5 4. Nf3 cxd4 5. Nxd4 a6 6. Qb3 Ba5 7. g3 d6 8. Bg2
Nd7 9. O-O Qb6 10. Ne4 Qc7 11. Qa3 Nc5 12. Nxd6+ Qxd6 13. Qxa5 Qxd4 14. Be3
Qxc4 15. Bxc5 Qb5 16. Qc7 Qd7 17. Qf4 Ne7 18. Rfd1 Nd5 19. Bxd5 exd5 20. Qe5+
1-0

[Event "North American Open 2008"]
[Site "Las Vegas"]
[Date "2008.12.28"]
[Round "4.4"]
[White "Hess, Robert"]
[Black "Shankland, Samuel"]
[Result "0-1"]
[WhiteElo "2544"]
[BlackElo "2425"]
[PlyCount "80"]
[EventDate "2008.12.??"]
[SourceDate "2008.12.26"]

1. e4 c5 2. d3 Nc6 3. g3 g6 4. Bg2 Bg7 5. f4 e6 6. Nf3 Nge7 7. O-O O-O 8. c3 d6
9. Be3 b6 10. Bf2 Bb7 11. Na3 Qd7 12. Qd2 f5 13. Rad1 e5 14. b4 Rae8 15. Rfe1
exf4 16. gxf4 Bh6 17. Be3 Nd8 18. bxc5 bxc5 19. Nc4 Ne6 20. Rf1 Ba6 21. Ng5
fxe4 22. Bxe4 Bxg5 23. fxg5 d5 24. Ne5 Qd6 25. Ng4 dxe4 26. Nf6+ Rxf6 27. gxf6
Nf5 28. Qg2 Kf7 29. dxe4 Bxf1 30. Rxd6 Bxg2 31. exf5 Nf8 32. Bxc5 Bh3 33. fxg6+
Nxg6 34. Kf2 Bg4 35. Bxa7 Ra8 36. Bd4 Rxa2+ 37. Kg3 Be6 38. Rb6 Bd5 39. Bf2 h5
40. h4 Rc2 0-1

[Event "North American Open 2008"]
[Site "Las Vegas"]
[Date "2008.12.28"]
[Round "4.6"]
[White "Aigner, Michael"]
[Black "Sarkar, Justin"]
[Result "0-1"]
[WhiteElo "2272"]
[BlackElo "2517"]
[PlyCount "82"]
[EventDate "2008.12.??"]
[SourceDate "2008.12.26"]

1. e4 c5 2. Nc3 Nc6 3. g3 g6 4. Bg2 Bg7 5. d3 d6 6. f4 Nf6 7. Nf3 O-O 8. O-O
Rb8 9. h3 b5 10. a3 a5 11. Nh4 b4 12. axb4 axb4 13. Ne2 Bb7 14. g4 Ra8 15. Rb1
Ra2 16. g5 Nd7 17. f5 Qa5 18. Nf4 Ra1 19. Rxa1 Qxa1 20. b3 Nd4 21. Ne2 Ra8 22.
Nxd4 Bxd4+ 23. Kh1 Qb1 24. Bf4 Qxd1 25. Rxd1 Ra2 26. Rd2 Be5 27. Bxe5 Nxe5 28.
Kg1 c4 29. dxc4 Nxc4 30. Rd4 Ne3 31. Rxb4 Bc6 32. fxg6 fxg6 33. Kf2 Nxg2 34.
Nxg2 Rxc2+ 35. Kg3 Rc3+ 36. Kh2 Kf7 37. Nf4 Rf3 38. Ng2 Ke6 39. Ne1 Re3 40. Ng2
Rxe4 41. Nf4+ Kf5 0-1

[Event "North American Open 2008"]
[Site "Las Vegas"]
[Date "2008.12.28"]
[Round "4.7"]
[White "Sharavdorj, Dasheveg"]
[Black "Zierk, Steven"]
[Result "1-0"]
[WhiteElo "2466"]
[BlackElo "2258"]
[PlyCount "126"]
[EventDate "2008.12.??"]
[SourceDate "2008.12.26"]

1. d4 f5 2. g3 Nf6 3. Bg2 g6 4. b3 c5 5. e3 Bg7 6. Nf3 d6 7. O-O O-O 8. Bb2
Nbd7 9. Nbd2 Qc7 10. Nc4 Ne4 11. a4 b6 12. Ng5 Ndf6 13. dxc5 Qxc5 14. Bxf6 Bxf6
15. Bxe4 fxe4 16. Nxe4 Qc6 17. Nxf6+ Rxf6 18. f3 Ba6 19. a5 Raf8 20. axb6 Bxc4
21. bxc4 axb6 22. Ra7 e5 23. Kg2 Qxc4 24. e4 g5 25. h3 Rc8 26. Rf2 Kh8 27. Ra3
b5 28. Rd3 Rc6 29. Qd2 h6 30. Qa5 Rc8 31. Rb3 Rb8 32. Rc3 Qd4 33. Rd3 Qb6 34.
Qc3 b4 35. Qb2 h5 36. Qc1 Rg8 37. Qd2 Kh7 38. Rb3 g4 39. hxg4 hxg4 40. Rxb4
gxf3+ 41. Rxf3 Rxf3 42. Kxf3 Rf8+ 43. Kg2 Rf2+ 44. Qxf2 Qxb4 45. Qf7+ Kh6 46.
Qd5 Kg5 47. Kh3 Qe1 48. Qg8+ Kh6 49. Qf8+ Kh7 50. Qf3 Kg7 51. Kh4 Qd2 52. Qg4+
Kf7 53. Qf5+ Ke8 54. g4 Qh2+ 55. Kg5 Ke7 56. Qf6+ Kd7 57. c4 Qd2+ 58. Kg6 Qe2
59. Qf7+ Kd8 60. Qf8+ Kd7 61. Qf5+ Kd8 62. g5 Qxc4 63. Qf8+ Kd7 1-0

[Event "North American Open 2008"]
[Site "Las Vegas"]
[Date "2008.12.28"]
[Round "4.8"]
[White "Small, Gregg"]
[Black "Mulyar, Michael"]
[Result "1-0"]
[WhiteElo "2287"]
[BlackElo "2445"]
[PlyCount "103"]
[EventDate "2008.12.??"]
[SourceDate "2008.12.26"]

1. c4 e5 2. g3 Nc6 3. Bg2 g6 4. Nc3 Bg7 5. e4 d6 6. Nge2 Nge7 7. d3 f5 8. O-O
O-O 9. Nd5 Be6 10. Be3 Qd7 11. Qd2 Rf7 12. Rad1 Raf8 13. b3 Nc8 14. Rde1 Nd8
15. d4 fxe4 16. Ndc3 Bh3 17. d5 Bxg2 18. Kxg2 Ne7 19. Nxe4 Nf5 20. Rc1 Nxe3+
21. Qxe3 Rf3 22. Qd2 Nf7 23. Ng1 Rf5 24. Rce1 Bh6 25. Qd3 Ng5 26. Nxg5 Bxg5 27.
f3 R5f7 28. Re4 Qf5 29. Ne2 Kg7 30. Nc3 h5 31. Qc2 h4 32. g4 Qd7 33. h3 Rf4 34.
Rxf4 Rxf4 35. Ne4 Be7 36. Qc3 b6 37. Rf2 Kh7 38. b4 Rf7 39. Rb2 c6 40. dxc6
Qxc6 41. b5 Qc7 42. Qd3 Kg7 43. Qd5 Qc8 44. a4 Rf8 45. Ra2 Qc7 46. Rc2 Rf4 47.
Rd2 Rf7 48. Qe6 Qb7 49. Rd5 Bf8 50. Nxd6 Bxd6 51. Qxd6 Qc7 52. Qxe5+ 1-0

[Event "North American Open 2008"]
[Site "Las Vegas"]
[Date "2008.12.28"]
[Round "4.12"]
[White "Belliard, Luis"]
[Black "Jones, Craig"]
[Result "1-0"]
[WhiteElo "2207"]
[BlackElo "2313"]
[PlyCount "45"]
[EventDate "2008.12.??"]
[SourceDate "2008.12.26"]

1. d4 e6 2. Nf3 d5 3. c4 Nf6 4. Nc3 Be7 5. Bg5 O-O 6. Qc2 h6 7. Bxf6 Bxf6 8. e4
c5 9. e5 Be7 10. dxc5 d4 11. Ne4 Nc6 12. a3 Bxc5 13. O-O-O b6 14. Qd2 Qc7 15.
Nf6+ gxf6 16. exf6 Bd6 17. g3 Bf4 18. gxf4 Qd8 19. Ne5 Na5 20. Qb4 Bb7 21. Rg1+
Kh8 22. Qe7 Be4 23. Bd3 1-0